000
00333nam a22001457a 4500
999
_c
54894
_d
54894
008
190529b ||||| |||| 00| 0 eng d
020
_a
9781846380051
041
_a
eng
080
_a
701
082
_a
701
100
_a
45
101
_a
ART
245
_a
East Art Map Contemporary Art and Eastern Europe
_c
Irwin
942
_2
udc
_c
BK